000 00947nam a22002417a 4500
001 37027
003 CO-ViMGA
005 20250801162558.0
008 180516b ||||| |||| 00| 0 eng d
020 _a9789588004273
040 _aCO-ViMGA
_bspa
_cCO-ViMGA
082 0 4 _aFr658
_bc78
100 1 _aCely Vargas, María Luisa
_912610
245 1 0 _aEstudio sobre la Responsabilidad Social Empresarial en el Sector Molinos de Villavicencio /
_cMaría Luisa Cely Vargas
260 _aVillavicencio :
_bCorporación Universitaria del Meta ,
_c2009
300 _a104 p.
_b : il.; tbs; graf.
504 _a Incluye Bibliografía e Indice
650 1 4 _a RESPONSABILIDAD SOCIAL DE LOS NEGOCIOS - VILLAVICENCIO (META) - COLOMBIA
_912611
650 1 4 _aEMPRESARIOS INDUSTRIALES - VILLAVICENCIO (META) - COLOMBIA
_912612
650 1 4 _aMOLINOS - INVESTIGACIONES - VILLAVICENCIO (META) COLOMBIA
_912613
942 _2ddc
_cBK
999 _c37027
_d37027